Cuestionario de proto-estados - Estadísticas

Estadísticas generales
  • Esta prueba ha sido intentada 21 veces
  • La puntuación promedio es 11 de 77
Estadísticas de respuestas
País Proto-Estado % Correcto
España Cataluña
71%
España Galicia
57%
España Euskadi/ Basque
43%
España Canarias
33%
Portugal Azores
29%
Dinamarca Groenlandia
29%
Myanmar Wa
29%
Estados Unidos Guam
24%
Portugal Madeira
24%
Canadá Quebec
24%
Myanmar Chin
19%
Francia Córcega
19%
Reino Unido Guernsey
19%
Myanmar Mon
19%
Bélgica Wallonia
19%
Tanzania Zanzibar
19%
Finlandia Aland
14%
Papua Nueva Guinea Bougainville
14%
Nueva Zelanda Cook Islands
14%
Países Bajos Curacao
14%
Chile Easter Island
14%
Bélgica Flanders
14%
Reino Unido Isle of Man
14%
Rusia Karelia
14%
Rusia Komi
14%
Reino Unido Montserrat
14%
Canadá Nunavut
14%
Somalia Puntland
14%
Noruega Svalbard
14%
Rusia Adygea
10%
Rusia Altai
10%
Ghana Ashanti
10%
Pakistán Azad Kashmir
10%
Rusia Bashkortostan
10%
Reino Unido British Virgin Islands
10%
Rusia Buryatia
10%
Reino Unido Cayman Islands
10%
Rusia Chechnya
10%
Australia Christmas Island
10%
Rusia Chuvashia
10%
Rusia Dagestan
10%
Reino Unido Falkland Islands
10%
Dinamarca Faroe Islands
10%
Francia French Polynesia
10%
Estados Unidos Indian Reservation
10%
Brasil Indigenous Territory
10%
Rusia Ingushetia
10%
Rusia Ingushetia
10%
Irak Iraqi Kurdistan
10%
Rusia Jewish Autonomous Oblast
10%
Somalia Jubaland
10%
Rusia Kabardino-Balkaria
10%
Myanmar Kachin
10%
Rusia Kalmykia
10%
Rusia Karachay-Cherkessia
10%
Myanmar Kayah
10%
Myanmar Kayin
10%
Rusia Khakassia
10%
Rusia Mari El
10%
Rusia Mordovia
10%
Francia New Caledonia
10%
Bangladés Noakhali
10%
Rusia North Ossetia-Alania
10%
Reino Unido Saint Helena
10%
Rusia Sakha
10%
Myanmar Shan
10%
Países Bajos Sint Maarten
10%
Italia South Tyrol
10%
Rusia Tatarstan
10%
Islas Salomón Temotu
10%
Reino Unido Turks and Caicos
10%
Rusia Tuva
10%
Rusia Udmurtia
10%
Estados Unidos United States Virgin Islands
10%
Francia Marquess Islands
5%
Estados Unidos Northern Mariana Islands
5%
Estados Unidos Puerto Rica
5%
No se encontraron pruebas coincidentes
Distribución de puntuación
Porcentaje de gente con cada puntuación
Porcentaje por número respondido
Historial de tus puntuaciones
No has intentado esta prueba.